|
|
|
|
| LEADER |
00000nam0a2200000 4500 |
| 001 |
226288 |
| 005 |
20231101230724.0 |
| 010 |
|
|
|b 2000 экз.
|
| 035 |
|
|
|a (RuTPU)RU\TPU\book\246660
|
| 090 |
|
|
|a 226288
|
| 100 |
|
|
|a 20121121d1982 m y0rusy50 ca
|
| 101 |
1 |
|
|a rus
|c lav
|
| 102 |
|
|
|a LV
|
| 105 |
|
|
|a a z 000gy
|
| 200 |
1 |
|
|a На любовь отзовись!
|e [стихи]
|f Я. Райнис
|g пер. В. Елизарова ; худож. В. Грант
|
| 210 |
|
|
|a Рига
|c Лиесма
|d 1982
|
| 215 |
|
|
|a 45 с.
|c ил.
|
| 610 |
1 |
|
|a латышская литература
|
| 610 |
1 |
|
|a поэзия
|
| 610 |
1 |
|
|a 20 век
|
| 610 |
1 |
|
|a 19 век
|
| 610 |
1 |
|
|a стихи
|
| 610 |
1 |
|
|a миниатюрные издания
|
| 686 |
|
|
|a Ч611.68
|v LBC/SL-A
|2 rubbk
|
| 700 |
|
1 |
|a Райнис
|b Я.
|c наст. фам. Плиекшанс
|c поэт
|c драматург
|f 1865-1929
|g Янис
|2 stltpush
|3 (RuTPU)RU\TPU\pers\30142
|9 14547
|
| 702 |
|
1 |
|a Елизарова
|b В.
|g Валентина
|4 730
|
| 702 |
|
1 |
|a Грант
|b В.
|g Виестур
|4 440
|
| 801 |
|
1 |
|a RU
|b 63413507
|c 20121121
|
| 801 |
|
2 |
|a RU
|b 63413507
|c 20121121
|g RCR
|
| 942 |
|
|
|c BK
|